000 00602nam a2200181Ia 4500
001 7692
005 20260306160514.0
008 260306t2016||||xx |||||||||||||| ||spa||
041 _aESP
082 _a354.328
_bO65K
100 _aOrganismo de Evaluación y Fiscalización Ambiental
_eAUT
245 0 _aFiscalización ambiental en residuos sólidos de gestión municipal provincial:
_binforme 2014 - 2015. Índice de cumplimiento de los municipios provinciales a nivel nacional
260 _c2016
300 _a230 páginas :
_c29 cm.
650 _aGEN
654 _aCIA
942 _cLIB
_dJUS
_fJUS
_2ddc
_n
999 _c7692
_d7692